00262nam a2200121Ia 4500008004100000100001200041245001900053260002300072300000900095650001400104942000700118999001500125190216s9999||||xx |||||||||||||| ||und|| aRao M S 0aIndian Economy bMcgraw -hillc1981 a7.49 aEconomics cBK c9412d9412